Washington Capitals 2024-2025 Roster - Statistics

General Stats
  • This quiz has been taken 108 times
  • The average score is 20 of 27
Answer Stats
Position # Answer % Correct
LW 8 Alex Ovechkin
100%
RW 43 Tom Wilson
98%
G 48 Logan Thompson
94%
RW 77 T.J. Oshie
94%
G 79 Charlie Lindgren
92%
C 17 Dylan Strome
92%
D 74 John Carlson
89%
C 19 Nicklas Backstrom
87%
D 6 Jakob Chychrun
83%
LW 80 Pierre-Luc Dubois
83%
C 21 Aliaksei Protas
81%
C 20 Lars Eller
81%
C 24 Connor McMichael
78%
C 26 Nic Dowd
76%
LW 88 Andrew Mangiapane
75%
D 3 Matt Roy
73%
D 38 Rasmus Sandin
73%
RW 22 Brandon Duhaime
67%
LW 15 Sonny Milano
62%
D 57 Trevor van Riemsdyk
62%
C 53 Ethen Frank
59%
D 42 Martin Fehervary
57%
RW 16 Taylor Raddysh
57%
LW 13 Jakub Vrana
56%
G 31 Hunter Shepard
51%
D 27 Alexander Alexeyev
46%
D 52 Dylan McIlrath
46%
No matching quizzes found
Score Distribution
Percent of People with Each Score
Percentile by Number Answered
Your Score History
You have not taken this quiz